Estudio sobre gestión integrada de cuencas transfronterizas en Centroamérica como elemento dinamizador del proceso de integración regional

Bibliographic Details
Main Author: López, Alexander
Format: Section = Libro
Language:Undetermined
Spanish
Published: Guatemala F & G Editores 2008
Subjects:
LEADER 00767nam a2200193Ia 4500
008 240829s9999 xx 000 0 und d
040 |a BIBLIOTECA-RUPAP Ref 333.917 L864 
041 |a spa 
082 |a Ref 333.917 L864 
100 1 |a López, Alexander  
245 1 0 |a Estudio sobre gestión integrada de cuencas transfronterizas en Centroamérica como elemento dinamizador del proceso de integración regional 
260 |a Guatemala  |b F & G Editores  |c 2008 
300 |a 59 p. :il. 
650 7 |a CUENCAS HIDROGRAFICAS - NORMATIVA HIDRICA - INTEGRACION CENTROAMERICANA 
650 7 |b  CUEVAS TRANSFRONTERIZAS - INTEGRACION CENTROAMERICANA 
650 7 |c  GOBERNABILIDAD TRANSFRONTERIZA. I. Cabrera, Jorge, coaut. II. Tít. 
942 |c BK  |2 ddc 
991 |a TEXTO 
999 |c 10384